A casa mia a casa tua /

Salvato in:
Dettagli Bibliografici
Autore principale: Dubuc, Marianne (Autore)
Natura: Libro
Lingua:italiano
Pubblicazione: Cornaredo : la Margherita, ©2020
Serie:Libri illustrati
Tags: Aggiungi Tag
Nessun Tag, puoi essere il primo ad aggiungerne!!

MARC

LEADER 00000nam a22000007i 4500
001 IT\ICCU\VIA\0415038
003 ItRI
005 20260115232129.0
008 200608s2020 it |||||| |||||1|||||c
020 |a 9788865323267 
040 |b ita  |c importazione bologna sebina 
041 7 |a ita  |2 ISO-639-2 
082 |a 843.92R  |9 NARRATIVA FRANCESE, 2000- PER RAGAZZI  |2 21 
100 1 |a Dubuc, Marianne  |0 IT\ICCU\UBOV\366882  |4 aut 
240 1 0 |a Chez toi, chez moi  |3 IT\ICCU\VIA\0415040  |9 Dubuc, Marianne 
245 1 0 |a A casa mia a casa tua /  |c [Marianne Dubuc]. 
260 |a Cornaredo :  |b la Margherita,  |c ©2020 
300 |a [25] p. :  |b in gran parte ill. ;  |c 37 cm 
500 |a La collana si evince dal sito editoriale  |9 IT\ICCU\UBO\4320700 
830 0 |a Libri illustrati  |0 IT\ICCU\UBO\4320700 
942 |2 ddc  |c BK  |n 0 
952 |0 0  |1 0  |4 0  |6 R_843_920000000000000_DUB  |7 0  |9 20589  |a BO  |b BO  |d 2026-01-15  |i 19462  |l 0  |o R 843.92 DUB  |p BO19462  |r 2026-01-15 23:21:29  |w 2026-01-15  |x [Sebina 5] [1 v.]  |y BK  |z 1 v. 
999 |c 17579  |d 17579